Οικονομική των μεταφορών

Αποθηκεύτηκε σε:
Λεπτομέρειες βιβλιογραφικής εγγραφής
Κύριος συγγραφέας: Προφυλλίδης, Βασίλης
Μορφή: Βιβλίο
Γλώσσα:Greek
Δημοσίευση: Θεσσαλονίκη : Γιαχούδης, 2006
Έκδοση:3η έκδ.
Θέματα:
Ετικέτες: Προσθήκη ετικέτας
Δεν υπάρχουν, Καταχωρήστε ετικέτα πρώτοι!

MARC

LEADER 00000cam a2200000 i 4500
001 1/12601
008 110328s2006 gre d
035 |l 10109847 
040 |a GR-MY-UA  |b gre  |e aacr 
041 0 |a gre 
082 0 |a 380.5909495  |2 (22) 
100 1 |a Προφυλλίδης, Βασίλης. 
245 1 0 |a Οικονομική των μεταφορών /  |c Β. Προφυλλίδης 
250 |a 3η έκδ. 
260 |a Θεσσαλονίκη :   |b Γιαχούδης,   |c 2006 
300 |a 367 σ.;  |b πίν., σχέδια;  |c 24 εκ. 
504 |a Βιβλιογραφία: σ.343-358 
504 |a Ευρετήριο: σ.359-367 
650 0 0 |a Transportation  |z Greece. 
852 |a INST  |b CHIOS  |e 20161115  |h 380.590949 ΠΡΟ  |p 005200039005  |q 005200039005  |t BK  |y 0 
852 |a INST  |b CHIOS  |c EUDOXUS  |e 20110328  |h 380.5909495 ΠΡΟ  |p 005200031295  |q 005200031295  |t EDX  |y 0 
920 |a Εύδοξος  |b Επιστροφή  |y Χίος  |z 2011-03 
970 |a Σπέντζα  |b Ελένη  |z 2011/03/28